LDR 00855naa#a2200193#i#450# 001 RU\\bibl\121453 005 20260514214556.4 011 ## _a1994-4683 100 ## _a20230531b2023####ek#y0rusy0150####ca 102 ## _aRU 200 1# _aПСИХОРЕГУЛЯЦИЯ В ТРЕНИРОВОЧНОМ ПРОЦЕССЕ СТУДЕНТОВ ТХЭКВОНДИСТОВ _eЖурнальная статья 210 1# _aМосква _cНациональный государственный Университет физической культуры, спорта и здоровья им. П.Ф. Лесгафта _d2023 215 ## _a4 с. 608 ## _aЖурнальная статья _2local 675 ## _aТаеквон-до. 796.856.2 _z 700 #1 _aПустуев _gА А 700 #1 _aСоловьев _gМ М 700 #1 _aТихонов _gР Г 856 4# _auchzapiski.lesgaft.spb.ru _u